General guidelines for the analysis of agricultural production projects (Record no. 40885)

MARC details
000 -LEADER
fixed length control field 00325nam a2200109Ia 4500
082 ## - DEWEY DECIMAL CLASSIFICATION NUMBER
Classification number 338.432
Item number FAO
245 #0 - TITLE STATEMENT
Title General guidelines for the analysis of agricultural production projects
260 ## - PUBLICATION, DISTRIBUTION, ETC. (IMPRINT)
Place of publication Rome
Name of publisher FAO
Year of publication 1991
490 ## - SERIES STATEMENT
Series statement Agricultural planning studies 14
942 ## - ADDED ENTRY ELEMENTS (KOHA)
Koha item type Books
Holdings
Withdrawn status Lost status Damaged status Not for loan Home library Current library Date acquired Cost, normal purchase price Full call number Accession Number Koha item type
        RRII Library RRII Library 16/12/2021 12.00 338.432 FAO 21179 Books